[Event "4NCL Division 2a"]
[Site "Telford, ENG"]
[Date "2018.03.17"]
[Round "7.43"]
[White "Birtwistle, Nigel"]
[Black "Forster, Matthew"]
[Result "1/2-1/2"]
[WhiteElo "2143"]
[BlackElo "2177"]
[PlyCount "76"]
[EventDate "2018.03.17"]
[WhiteTeam "Grantham Sharks 2"]
[BlackTeam "Sussex Martlets 1"]

1. Nf3 c5 2. e3 g6 3. d4 Bg7 4. Bd3 Nf6 5. O-O cxd4 6. exd4 O-O 7. Re1 Nc6 8.
c3 Qc7 9. Bg5 d6 10. Qc1 Re8 11. Bh6 Bh8 12. h3 a6 13. Nbd2 e5 14. dxe5 Nxe5
15. Bc2 Be6 16. Ng5 Bd5 17. Nf1 b5 18. Ne3 Bb7 19. Bb3 d5 20. Qc2 Rad8 21. Rad1
Re7 22. a4 Bg7 23. Bxg7 Kxg7 24. axb5 axb5 25. f4 Nc4 26. Bxc4 dxc4 27. Rxd8
Qxd8 28. Qf2 h6 29. Nf3 Ne4 30. Qh4 f6 31. Nd4 Qe8 32. Re2 Nd6 33. Ng4 Rxe2 34.
Qxh6+ Kf7 35. Qh7+ Kf8 36. Qh8+ Kf7 37. Qh7+ Kf8 38. Qh8+ Kf7 1/2-1/2

[Event "4NCL Division 2a"]
[Site "Telford, ENG"]
[Date "2018.03.17"]
[Round "7.44"]
[White "Willson, Ollie"]
[Black "Tavares, Shawn P"]
[Result "0-1"]
[WhiteElo "2117"]
[BlackElo "2148"]
[PlyCount "118"]
[EventDate "2018.03.17"]
[WhiteTeam "Sussex Martlets 1"]
[BlackTeam "Grantham Sharks 2"]

1. d4 Nf6 2. c4 c5 3. d5 b5 4. cxb5 a6 5. bxa6 g6 6. Nc3 Bg7 7. Nf3 O-O 8. e4
Qa5 9. Nd2 Bxa6 10. Be2 Bxe2 11. Qxe2 Qa6 12. a4 e6 13. Nc4 exd5 14. exd5 Re8
15. Ne3 Ne4 16. Qxa6 Nxa6 17. Nb5 f5 18. O-O Nf6 19. Rd1 f4 20. Nf1 Re2 21.
Bxf4 Rxb2 22. Be5 Re2 23. Bc3 Nb4 24. d6 Ra2 25. Ne3 R8xa4 26. Rxa2 Nxa2 27.
Ba1 Ne4 28. Bxg7 Kxg7 29. g3 Rb4 30. f3 Ng5 31. f4 Nh3+ 32. Kg2 Nxf4+ 33. gxf4
Rxb5 34. Nc4 Nc3 35. Rd3 Ne2 36. Kf3 Nd4+ 37. Ke4 Rb4 38. Kd5 Ne6 39. Rf3 Kf6
40. Rf2 h6 41. Rf1 Ra4 42. Rf2 h5 43. h4 Rb4 44. Rf1 Rb3 45. Ne5 Rb7 46. Rf2
Kf5 47. Nxg6 Rb4 48. Ne7+ Kf6 49. Rd2 Rxf4 50. Rd1 Rxh4 51. Rf1+ Rf4 52. Rxf4+
Nxf4+ 53. Ke4 Kg5 54. Nf5 Ne6 55. Ne3 h4 56. Nc4 Kg4 57. Ne5+ Kg3 58. Nxd7 h3
59. Ke3 Nd8 0-1

[Event "4NCL Division 2a"]
[Site "Telford, ENG"]
[Date "2018.03.17"]
[Round "7.45"]
[White "Head, Louise"]
[Black "Grant, David J"]
[Result "1/2-1/2"]
[WhiteElo "2110"]
[BlackElo "2192"]
[PlyCount "65"]
[EventDate "2018.03.17"]
[WhiteTeam "Grantham Sharks 2"]
[BlackTeam "Sussex Martlets 1"]

1. d4 Nf6 2. c4 g6 3. Nc3 Bg7 4. e4 d6 5. Nf3 O-O 6. h3 e5 7. Be3 exd4 8. Nxd4
Re8 9. Bd3 Nbd7 10. O-O c6 11. Qc2 Qc7 12. Rad1 a5 13. Rfe1 Nc5 14. f4 Bd7 15.
Nf3 Rad8 16. a3 Nh5 17. g4 Nxd3 18. Qxd3 Bxc3 19. bxc3 d5 20. e5 Ng7 21. Qb1
Ra8 22. cxd5 cxd5 23. Rxd5 Bc6 24. Bb6 Qe7 25. Bc5 Qe6 26. Rd3 Qc4 27. Bd4 Ne6
28. f5 Nf4 29. Rde3 Nxh3+ 30. Kh2 Nf4 31. Kg3 Nd5 32. Nd2 Qa4 33. Rd3 1/2-1/2

[Event "4NCL Division 2a"]
[Site "Telford, ENG"]
[Date "2018.03.17"]
[Round "7.46"]
[White "Lunn, Matthew"]
[Black "Milson, Samuel A"]
[Result "0-1"]
[WhiteElo "2069"]
[BlackElo "2101"]
[PlyCount "110"]
[EventDate "2018.03.17"]
[WhiteTeam "Sussex Martlets 1"]
[BlackTeam "Grantham Sharks 2"]

1. d4 d5 2. c4 c6 3. Nf3 Nf6 4. e3 Bf5 5. Nc3 e6 6. Nh4 Bg6 7. Nxg6 hxg6 8. g3
Nbd7 9. Bg2 dxc4 10. O-O Qa5 11. e4 Rd8 12. Bd2 Qh5 13. h4 Qxd1 14. Raxd1 Nb6
15. Bg5 Be7 16. Rfe1 Nfd7 17. Bxe7 Kxe7 18. f4 Rhe8 19. e5 Nd5 20. Ne4 b5 21.
Nd6 Rh8 22. a4 a6 23. a5 Nb4 24. Re2 f5 25. Kf2 Nf6 26. Nb7 Ng4+ 27. Kg1 Rb8
28. Nc5 Rhd8 29. Bf3 Nh6 30. Kf2 Nf7 31. Ke3 Rh8 32. Kd2 Ra8 33. Kc3 Nd5+ 34.
Kc2 Rhb8 35. b3 cxb3+ 36. Kxb3 Nd8 37. Rc1 Rc8 38. Rec2 Ne3 39. Ra2 Ra7 40. Nd3
Rd7 41. Kc3 Nb7 42. Nb4 c5 43. Kd3 Nc4 44. Bxb7 Rxb7 45. dxc5 Rxc5 46. Nxa6
Nxe5+ 47. fxe5 Rxc1 48. Nb4 Rc4 49. Nc2 Ra4 50. Rxa4 bxa4 51. a6 Ra7 52. Nb4
Kd7 53. Kc4 Kc7 54. Kb5 a3 55. Na2 Ra8 0-1

[Event "4NCL Division 2a"]
[Site "Telford, ENG"]
[Date "2018.03.17"]
[Round "7.47"]
[White "Murphy, Hugh W"]
[Black "Bucher, Grant W"]
[Result "1/2-1/2"]
[WhiteElo "2096"]
[BlackElo "2121"]
[PlyCount "74"]
[EventDate "2018.03.17"]
[WhiteTeam "Grantham Sharks 2"]
[BlackTeam "Sussex Martlets 1"]

1. d4 Nf6 2. Nf3 g6 3. Bg5 Bg7 4. Nbd2 d5 5. e3 O-O 6. Be2 c5 7. c3 Nbd7 8. O-O
Re8 9. a4 a5 10. Bb5 b6 11. Qe2 Bb7 12. Ne5 Rf8 13. f4 Nxe5 14. fxe5 Nd7 15.
Qg4 Nb8 16. Qh4 f6 17. Bh6 Bxh6 18. Qxh6 Ba6 19. Rf3 e6 20. Rxf6 Rxf6 21. exf6
Qxf6 22. Rf1 Qe7 23. Bxa6 Nxa6 24. Nf3 Rf8 25. Ne5 Rxf1+ 26. Kxf1 Nb8 27. Ke2
Nd7 28. Qf4 Nxe5 29. Qxe5 Kf7 30. g3 Qd7 31. Qh8 Qxa4 32. Qxh7+ Kf6 33. Qh4+
Kf7 34. Qf4+ Ke8 35. Qb8+ Ke7 36. Qc7+ Ke8 37. Kd2 Qb5 1/2-1/2

[Event "4NCL Division 2a"]
[Site "Telford, ENG"]
[Date "2018.03.17"]
[Round "7.48"]
[White "Miller, Dominic"]
[Black "Russian, Carlo"]
[Result "0-1"]
[WhiteElo "2132"]
[BlackElo "1990"]
[PlyCount "64"]
[EventDate "2018.03.17"]
[WhiteTeam "Sussex Martlets 1"]
[BlackTeam "Grantham Sharks 2"]

1. e4 e5 2. Nf3 Nc6 3. Bb5 Nf6 4. Qe2 Bc5 5. O-O O-O 6. c3 Re8 7. d3 a6 8. Ba4
b5 9. Bb3 d5 10. Bg5 dxe4 11. dxe4 Bb7 12. Rd1 Qe7 13. Nh4 Rad8 14. Bd5 g6 15.
Rd3 Na5 16. Rf3 Bxd5 17. exd5 Rxd5 18. Rxf6 Qd7 19. Nd2 Be7 20. Ne4 Rd8 21. Rf1
h6 22. Bxh6 Rd1 23. Nf3 Rxf1+ 24. Qxf1 Qd3 25. Nfg5 Qc2 26. Rxa6 Nb7 27. Nf3
Rd1 28. Ned2 Rxf1+ 29. Kxf1 Qd1+ 30. Ne1 Nc5 31. Rc6 Nd3 32. Ndf3 e4 0-1